Ortega y Gasset : (Record no. 193596)

MARC details
000 -LEADER
campo de control de longitud fija 02381nam a2200397 i 4500
001 - NÚMERO DE CONTROL
campo de control 193596
003 - IDENTIFICADOR DE NÚMERO DE CONTROL
campo de control ES-MaACL
005 - FECHA Y HORA DE LA ÚLTIMA TRANSACCIÓN
campo de control 20250711063121.0
007 - CAMPO FIJO DE DESCRIPCIÓN FÍSICA--INFORMACIÓN GENERAL
campo de control de longitud fija ta
008 - DATOS DE LONGITUD FIJA--INFORMACIÓN GENERAL
campo de control de longitud fija 220602s2022 spc|||| |||| 0|1 0dspa|
017 ## - NÚMERO DE COPYRIGHT O DE DEPÓSITO LEGAL
Número de copyright o de depósito legal B 40-2022
Agencia que asigna Oficina Depósito Legal Barcelona
020 ## - NÚMERO INTERNACIONAL ESTÁNDAR DEL LIBRO
Número Internacional Estándar del Libro 9788413611310
040 ## - FUENTE DE CATALOGACIÓN
Centro catalogador/agencia de origen ES-BaBC
Lengua de catalogación spa
Normas de descripción rda
Centro/agencia transcriptor ES-BaBC
080 ## - NÚMERO DE LA CLASIFICACIÓN DECIMAL UNIVERSAL
Número de la Clasificación Decimal Universal 1 Ortega y Gasset, José 2.07
100 1# - ENTRADA PRINCIPAL--NOMBRE DE PERSONA
Nombre de persona Zamora Bonilla, Javier
9 (RLIN) 117939
Término indicativo de función/relación Autor
245 10 - MENCIÓN DEL TÍTULO
Título Ortega y Gasset :
Resto del título la aventura de la verdad /
Mención de responsabilidad, etc. Javier Zamora Bonilla ; prólogo de Antonio Garrigues Walker
264 #1 - PRODUCCIÓN, PUBLICACIÓN, DISTRIBUCIÓN, FABRICACIÓN Y COPYRIGHT
Producción, publicación, distribución, fabricación y copyright [Barcelona] :
Nombre del de productor, editor, distribuidor, fabricante Shackleton Books,
Fecha de producción, publicación, distribución, fabricación o copyright [2022]
300 ## - DESCRIPCIÓN FÍSICA
Extensión 192 páginas :
Otras características físicas ilustraciones (blanco y negro) ;
Dimensiones 21 cm
336 ## - TIPO DE CONTENIDO
Término de tipo de contenido Texto
Código de tipo de contenido txt
Fuente rdacontent
337 ## - TIPO DE MEDIO
Nombre/término del tipo de medio sin mediación
Código del tipo de medio n
Fuente rdamedia
338 ## - TIPO DE SOPORTE
Nombre/término del tipo de soporte volumen
Código del tipo de soporte nc
Fuente rdacarrier
500 ## - NOTA GENERAL
Nota general Índice
500 ## - NOTA GENERAL
Nota general Cronología
504 ## - NOTA DE BIBLIOGRAFÍA, ETC.
Nota de bibliografía, etc. Bibliografía: páginas 169-184
520 ## - RESUMEN, ETC.
Sumario, etc. Una excepcional introducción a la vida y la obra de Ortega y Gasset de la mano del principal especialista en el pensamiento del filósofo español.<br/><br/>José Ortega y Gasset (1883-1955) es la figura más importante del pensamiento español del siglo xx. En este nuevo libro, Javier Zamora Bonilla presenta una síntesis de muchos años de investigación sobre la biografía y la obra del filósofo, entrelazando ambas en el contexto histórico donde se desarrollaron.<br/><br/>Al hilo de la biografía de Ortega y Gasset, se expone su filosofía de la razón vital e histórica y su pensamiento político, así como la actuación pública del intelectual que puso los fundamentos de la filosofía contemporánea en España con una obra fecunda en ideas innovadoras.
600 14 - PUNTO DE ACCESO ADICIONAL DE MATERIA--NOMBRE DE PERSONA
Nombre de persona Ortega y Gasset, José,
Fechas asociadas al nombre 1883-1955-
Subdivisión general Crítica e interpretación
9 (RLIN) 87505
700 1# - ENTRADA AGREGADA--NOMBRE PERSONAL
Nombre de persona Garrigues Walker, Antonio,
Fechas asociadas al nombre 1934-
9 (RLIN) 55772
Término indicativo de función/relación Autor de introducción
852 ## - LOCALIZACIÓN
Ubicación ES-MaACL
Ubicación en estantería Depósito J
Número de control de estantería N-9602
Anotaciones manuscritas Dedicatoria autógrafa del autor
Donativo/Legado Donación: Javier Zamora Bonilla
Sublocalización o colección R. 154480
itemnumber 201058
Encuadernación Encuadernación rústica con solapas
903 ## - NOMBRE PERSONAL DE DONANTE
9 117939
a Zamora Bonilla, Javier
e Donante
942 ## - ELEMENTOS DE ENTRADA SECUNDARIOS (KOHA)
Suprimir en OPAC No
Tipo de ítem Koha Libro impreso
Holdings
Estatus retirado Estado de pérdida Fuente del sistema de clasificación o colocación Estado de daño No para préstamo Colección Biblioteca de origen Biblioteca actual Ubicación en estantería Fecha de adquisición Fuente de adquisición Total de préstamos Signatura topográfica completa Código de barras Visto por última vez Tipo de ítem Koha Nota pública
    Clasificación decimal universal     Libros con dedicatorias Biblioteca del Ateneo de Madrid Biblioteca del Ateneo de Madrid Depósito J 17/01/2024 Donación   N-9602 101206336 17/01/2024 Libro impreso Dedicatoria autógrafa del autor